000 01335nam a2200229Ia 4500
003 Ost
005 20260507075310.0
008 260507s9999||||xx |||||||||||||| ||und||
020 _a8298328977
040 _cfsecg
041 _aara
082 _a330
100 _aناصف، إيمان عطية
_eمؤلف
245 0 _aمبادئ الاقتصاد الجزئي /
_c إيمان عطية ناصف
260 _aالاسطندرية:
_bدار الجامعة الجديدة,
_c2007
300 _a334 صفحة؛
_bإيضاحات ؛
_c25 سم
504 _a(اقتناءات 2014 3ن)
520 _aالنظم الاقتصادية و المشكلة الاقتصادية ، تحليل الطلب و العرض و تحديد السعر باستخدام الطلب و العرض مرونة العرض السعرية و بعض استخدامات نظرية السعر ، سوق العمل، نظرية المنفعة الحدية و نظرية منحنيات السواء ، توازن الوحدة الانتاجية : الانتاج تكاليف الانتاج ، الايرادات و تحديد توازن الوحدة الانتاجية ، تحديد توازن المشروع في أسواق المنافسة غير الكاملة .
653 _aالإقتصاد
653 _aالإقتصاد الجزئي
942 _cكتاب
999 _c43856
_d43856